Legal control of government: administrative law in Britain and the United States (Record no. 203653)

MARC details
000 -LEADER
fixed length control field 00407nam a2200145Ia 4500
008 - FIXED-LENGTH DATA ELEMENTS--GENERAL INFORMATION
fixed length control field 230917s9999||||xx |||||||||||||| ||und||
040 ## - CATALOGING SOURCE
-- 79839
Original cataloging agency VIVEKANANDA LIBRARY
041 ## - Language
-- English
082 ## - DDC NUMBER
Classification number 342 S95B
100 ## - MAIN ENTRY--PERSONAL NAME
Personal name Schwartz, Bernard
245 #0 - TITLE STATEMENT
Title Legal control of government: administrative law in Britain and the United States
260 ## - PUBLICATION, DISTRIBUTION, ETC. (IMPRINT)
Place of publication, distribution, etc Oxford
Name of publisher, distributor, etc Clarendon
Date of publication, distribution, etc 1972
300 ## - PHYSICAL DESCRIPTION
Pages xxxii, 349 p.
942 ## - ADDED ENTRY ELEMENTS (KOHA)
Koha item type Books
Holdings
Withdrawn status Lost status Damaged status Not for loan Location (home branch) Sublocation or collection (holding branch) Date acquired Koha issues (times borrowed) Koha full call number Accession No. Koha date last seen Koha item type
        VIVEKANANDA LIBRARY VIVEKANANDA LIBRARY 10/03/2003 1 342 S95B 63869 19/05/2025 Books
© Designed and Maintained by Vivekananda Library, MDU Rohtak